• 首页
  • 本馆介绍
  • 公告通知
  • 最新文献
  • 馆藏检索
  • 电子资源
  • 读者导购
  • 参考咨询
  • 我的图书馆
  • 登录
  • 详细信息显示
  • 放入我的书架
  • 预约/预借图书
  • 作者相关作品
  • 分类相关作品
  • 丛书相关作品
  • 出版社相关作品

书目信息

  • 表格格式
  • 工作单格式
  • 卡片格式
题名:
产业经济学
    
 
作者: 李孟刚 主编
分册:  
出版信息: 北京   高等教育出版社  2012
页数: 365页
开本: 26cm
丛书名:
单 册:
中图分类: F062.9
科图分类:
主题词: 产业经济学--研究生--教材
电子资源:
ISBN: 978-7-04-034881-1
000 00964nam0 2200253 45
001 1356824265
005 20130515092655.37
010    @a978-7-04-034881-1@dCNY39.80
100    @a20130108d2012 em y0chiy50 ea
101 0  @achi
102    @aCN@b110000
105    @ay z 000yy
106    @ar
200 1  @a产业经济学@AChan Ye Jing Ji Xue@dIndustrial economics@f李孟刚主编@FLi Meng Gang Zhu Bian@zeng
205    @a2版
210    @a北京@c高等教育出版社@d2012
215    @a365页@d26cm
330    @a本书分为产业组织理论、产业结构理论、产业布局理论、产业政策理论和产业安全理论五篇,讲解了产业组织基本理论、市场结构、市场行为、市场绩效、产业组织安全、产业结构基本理论、产业结构优化、产业关联、产业结构安全、产业布局理论概述、产业集聚等内容。
510 1  @aIndustrial economics@zeng
606 0  @a产业经济学@x研究生@j教材
690    @aF062.9@v5
701  0 @a李孟刚@ALi Meng Gang@4主编
801    @aCN@bTANGWEI@c20130108
905    @b0830056-60@dF062.9@e105=2@f5
    
    产业经济学=Industrial economics/李孟刚主编.-2版.-北京:高等教育出版社,2012
    365页;26cm
    
    
    ISBN 978-7-04-034881-1:CNY39.80
    本书分为产业组织理论、产业结构理论、产业布局理论、产业政策理论和产业安全理论五篇,讲解了产业组织基本理论、市场结构、市场行为、市场绩效、产业组织安全、产业结构基本理论、产业结构优化、产业关联、产业结构安全、产业布局理论概述、产业集聚等内容。
●
相关链接 在E读中查询图书 在五车中查询图书 在当当中查询图书 在豆瓣中查询图书


正题名:产业经济学     索取号:F062.9/105=2         预约/预借

序号 登录号 条形码 馆藏地/架位号 状态 备注
1 0830056   208300569   第一样本阅览室/ [索取号:F062.9/105=2] 在馆    
2 0830057   208300578   第一借阅区/ [索取号:F062.9/105=2] 在馆    
3 0830058   208300587   第一借阅区/ [索取号:F062.9/105=2] 在馆    
4 0830059   208300596   第一借阅区/ [索取号:F062.9/105=2] 在馆    
5 0830060   208300603   第一借阅区/ [索取号:F062.9/105=2] 在馆    
唐山师范学院图书馆 欢迎您!
大连网信软件有限公司© 版权所有